000 00525nam a2200193Ia 4500
005 20250326142020.0
008 250326s9999 xx 000 0 und d
020 _a81-7024-204-106
037 _aTextbook
040 _aFMSL
_beng
_cFMSL
041 _aeng
_2eng
084 _aX62.44'N47 M8
_qFMSL
100 _aDeb K
245 0 _aIndian banking since Independence
_cDeb K
260 _aNew Delhi
_bNew Delhi, Ashish
_c1988
300 _a371p
942 _cTB
_hX62.44'N47 M8
999 _c1293051
_d1293051